Mourning and other stories/ (Record no. 164866)

MARC details
000 -LEADER
fixed length control field 00513nam a2200181 4500
005 - DATE AND TIME OF LATEST TRANSACTION
control field 20191211111222.0
010 ## - LCCN (DPL NO)
LC control number ENG-125367
020 ## - INTERNATIONAL STANDARD BOOK NUMBER
International Standard Book Number 9788121616874
Terms of availability 195.00
035 ## - SYSTEM CONTROL NUMBER
System control number EN-108899
037 ## - SOURCE OF ACQUISITION
Source of stock number/acquisition DBAD/PUB
082 ## - DEWEY DECIMAL CLASSIFICATION NUMBER
Classification number S
100 ## - MAIN ENTRY--PERSONAL NAME
Personal name Maheep Singh
245 ## - TITLE STATEMENT
Title Mourning and other stories/
Statement of responsibility, etc by Maheep Singh
260 ## - PUBLICATION, DISTRIBUTION, ETC. (IMPRINT)
Place of publication, distribution, etc New Delhi
Name of publisher, distributor, etc Hind Pocket Books
Date of publication, distribution, etc 2012
270 ## - ADDRESS
Address J-40, Jorbagh Lane,
City New Delhi
Postal code 110003
Electronic mail address contact@fullcirclebooks.in
300 ## - PHYSICAL DESCRIPTION
Extent 202p.
Dimensions 20cm(pbk)
942 ## - ADDED ENTRY ELEMENTS (KOHA)
Source of classification or shelving scheme Dewey Decimal Classification
Item type English Books
Classification part S
Call number suffix MAH
Holdings
Withdrawn status Lost status Not for loan Collection code Home library Current library Date acquired Source of acquisition Cost, normal purchase price Full call number Barcode Copy number Cost, replacement price Koha item type
    Not For Loan Fiction D.B.Act.Division Central Library 29/05/2019 DBAD/PUB 195.00 S MAH EN-108899 1 195.00 English Books

© Delhi Public Library
Hit Counter
free hit counter